Books by J.R.R. Tolkien - Statistics

General Stats
  • This quiz has been taken 47 times
  • The average score is 12 of 28
Answer Stats
Book % Correct
The Hobbit
100%
The Fellowship of the Ring
88%
The Return of the King
88%
The Silmarillion
88%
The Two Towers
88%
The Children of Húrin
65%
The Fall of Gondolin
58%
Beren and Lúthien
55%
Unfinished Tales of Numenor and Middle-earth
53%
The Fall of Númenor
48%
The Adventures of Tom Bombadil
43%
Morgoth’s Ring
38%
The Treason of Isengard
38%
Sauron Defeated
33%
The Lays of Beleriand
30%
The Lost Road and Other Writings
30%
The War of the Ring
30%
The Peoples of Middle-earth
28%
The Nature of Middle-earth
25%
The Return of the Shadow
25%
The Shaping of Middle-earth
25%
The War of the Jewels
25%
Bilbo’s Last Song
20%
The History of The Hobbit
20%
Farmer Giles of Ham
18%
The Road Goes Ever On: A Song Cycle
18%
The Book of Lost Tales, Part I
10%
The Book of Lost Tales, Part II
10%
No matching quizzes found
Score Distribution
Percent of People with Each Score
Percentile by Number Answered
Your Score History
You have not taken this quiz